| 000 | 01116nam0a2200277 i 4500 | ||
|---|---|---|---|
| 001 | RU\NLR\bibl\1961572 | ||
| 005 | 20260405100618.0 | ||
| 010 |
_a9785903002290 _9120 |
||
| 021 |
_aRU _b2012-78063 _95793 |
||
| 035 | _a(NLR Aleph) 001950570 | ||
| 090 |
_a3689441 _c3689441 |
||
| 100 | _a20121031d2011 k y0rusy50 ca | ||
| 101 | 0 | _arus | |
| 102 | _aRU | ||
| 105 | _aa ||||||||| | ||
| 200 | 1 |
_aСуда на воздушной подушке _eпроектно-экономические прогнозы прошлого века _fВ.М. Пашин |
|
| 210 |
_aСанкт-Петербург _cЦНИИ им. акад. А.Н. Крылова _d2011 |
||
| 215 |
_a207 с. _cил. _d25 |
||
| 606 |
_aСуда на воздушной подушке _91349594 _3RU\NLR\auth\66248760 |
||
| 686 | _aО126.4 | ||
| 700 | 1 |
_4070 _7ca _8rus _aПашин _bВ. М. _cд-р техн. наук, кораблестроение _gВалентин Михайлович _919742 _3RU\NLR\auth\7736753 |
|
| 801 | 0 |
_aRU _bNLR _c20121031 _gRCR |
|
| 801 | 1 |
_aRU _bNLR _c20121031 |
|
| 942 | _cBOOK | ||
| 980 | _aNBR | ||